You're about to make a terrible mistake! (Record no. 4601)

MARC details
000 -CABECERA
campo de control de longitud fija 02591cam a2200349 i 4500
001 - NÚMERO DE CONTROL
campo de control 9691605
003 - IDENTIFICADOR DEL NÚMERO DE CONTROL
campo de control CaAEU
005 - FECHA Y HORA DE LA ÚLTIMA TRANSACCIÓN
campo de control 20250516111900.0
008 - DATOS DE LONGITUD FIJA--INFORMACIÓN GENERAL
campo de control de longitud fija 200211s2020 nyu b 001 0 eng
010 ## - NÚMERO DE CONTROL DE LA BIBLIOTECA DEL CONGRESO
Número de control de LC 2020932931
020 ## - NÚMERO INTERNACIONAL ESTÁNDAR DEL LIBRO
Número Internacional Estándar del Libro 9780316498821
035 ## - NÚMERO DE CONTROL DEL SISTEMA
Número de control de sistema on1243906879
039 ## - NIVEL DE CONTROL BIBLIOGRÁFICO Y DETALLES DE CODIFICACIÓN [OBSOLETO]
Nivel de reglas en descripción bibliográfica exclude
040 ## - FUENTE DE LA CATALOGACIÓN
Centro catalogador/agencia de origen DLC
Lengua de catalogación eng
Normas de descripción rda
Centro/agencia transcriptor DLC
Centro/agencia modificador OCLCO
-- YDX
-- BDX
-- GK8
-- JBL
-- YDXIT
-- OCLCF
-- OCO
-- GPM
-- NTE
-- OCL
-- AEVC
041 1# - CÓDIGO DE LENGUA
Código de lengua del texto/banda sonora o título independiente eng
Código de lengua original fre
042 ## - CÓDIGO DE AUTENTICACIÓN
Código de autenticación pcc
050 00 - SIGNATURA TOPOGRÁFICA DE LA BIBLIOTECA DEL CONGRESO
Número de clasificación HM821
Número de documento/Ítem .S565 2020
100 ## - ENTRADA PRINCIPAL--NOMBRE DE PERSONA
Nombre de persona Sibony, Olivier
Fechas asociadas al nombre 1967-
Término indicativo de función/relación author.
9 (RLIN) 24933
240 10 - TÍTULO UNIFORME
Título uniforme Vous allez commettre une terrible erreur!
Lenguaje de la obra English
245 10 - MENCIÓN DE TÍTULO
Título You're about to make a terrible mistake!
Resto del título : how biases distort decision-making--and what you can do to fight them
Mención de responsabilidad, etc. / Olivier Sibony ; translated by Kate Deimling.
264 #1 - PRODUCCIÓN, PUBLICACIÓN, DISTRIBUCIÓN, FABRICACIÓN Y COPYRIGHT
Producción, publicación, distribución, fabricación y copyright New York :
Nombre del de productor, editor, distribuidor, fabricante Little, Brown Spark,
Fecha de producción, publicación, distribución, fabricación o copyright [2020]
300 ## - DESCRIPCIÓN FÍSICA
Extensión viii, 328 pages ;
Dimensiones 25 cm
500 ## - NOTA GENERAL
Nota general Translation of: Vous allez commettre une terrible erreur!
504 ## - NOTA DE BIBLIOGRAFÍA, ETC.
Nota de bibliografía, etc. Includes bibliographical references (pages 295-316) and index.
520 ## - SUMARIO, ETC.
Sumario, etc. We all make decisions all the time. It's so natural that we hardly stop to think about it. Yet even the smartest and most experienced among us make frequent and predictable errors. So, what makes a good decision? Should we trust our intuitions, and if so, when? How can we avoid being tripped up by cognitive biases when we are not even aware of them?<br/><br/>In You're About to Make a Terrible Mistake!, strategy professor and management consultant Olivier Sibony draws on dozens of fascinating and engaging case studies to show how cognitive biases routinely lead all of us -- including even the most renowned business titans -- into nine common decision-making traps. But instead of rehashing the same old "debiasing" techniques that fail managers time and again, Sibony explains that the best way to avoid the pitfalls of cognitive bias is to craft an effective decision-making architecture in your organization -- a system of techniques and processes that leverage collective intelligence to help leaders make the best decisions possible -- and provides 40 concrete methods for doing so.<br/><br/>Distinctive in the clarity and practicality of its message, You're About to Make a Terrible Mistake! distills the latest developments in behavioral economics and cognitive psychology into actionable tools for making smart, effective decisions in business and beyond.
650 #0 - PUNTO DE ACCESO ADICIONAL DE MATERIA--TÉRMINO DE MATERIA
Término de materia o nombre geográfico como elemento de entrada Discrimination
9 (RLIN) 13533
650 #0 - PUNTO DE ACCESO ADICIONAL DE MATERIA--TÉRMINO DE MATERIA
Término de materia o nombre geográfico como elemento de entrada Objectivity.
9 (RLIN) 25071
650 #0 - PUNTO DE ACCESO ADICIONAL DE MATERIA--TÉRMINO DE MATERIA
Término de materia o nombre geográfico como elemento de entrada Prejudices.
650 #0 - PUNTO DE ACCESO ADICIONAL DE MATERIA--TÉRMINO DE MATERIA
Término de materia o nombre geográfico como elemento de entrada Decision making
9 (RLIN) 339
650 #0 - PUNTO DE ACCESO ADICIONAL DE MATERIA--TÉRMINO DE MATERIA
Término de materia o nombre geográfico como elemento de entrada Success in business
9 (RLIN) 1506
942 ## - ELEMENTOS DE ENTRADA AGREGADA (KOHA)
Fuente del sistema de clasificación o colocación Clasificación de Library of Congress
Holdings
Estado de retiro Estado de pérdida Fuente del sistema de clasificación o colocación Estado dañado No para préstamo Biblioteca de origen Biblioteca actual Fecha de adquisición Total de préstamos Signatura topográfica completa Código de barras Fecha visto por última vez Fecha del último préstamo Número de copia Precio válido a partir de Tipo de ítem Koha
    Clasificación de Library of Congress     TBS Barcelona TBS Barcelona 27/03/2025 1 HM821 SIB B05935 25/06/2025 28/03/2025 1 27/03/2025 Book

Powered by Koha